000 00392nam a2200157Ia 4500
008 230312s9999||||xx |||||||||||||| ||und||
020 _a81-203-0835-2
082 _a621.395
_bMAN
100 _aMano Morris M.
245 0 _aDigital Design
260 _bPrentice Hall
_aNew Delhi
_c1991
300 _a516
546 _aEng.
650 _aEngineering
_vBinary Numbers , Complements
942 _cBK
999 _c1198
_d1198